| 000 | 01166nam1a22003131i 4500 | ||
|---|---|---|---|
| 001 | v19\rc\1524229 | ||
| 005 | 20260407045038.0 | ||
| 035 | _a(NLR Aleph) 004688814 | ||
| 090 |
_a3906387 _c3906387 |
||
| 100 | _a20060620d18861916|||y0rusy50 ca | ||
| 101 | 0 | _arus | |
| 102 | _aRU | ||
| 105 | _a z ||||| | ||
| 200 | 1 | _aОтчет о состоянии Нижегородского дворянского института императора Александра II | |
| 210 |
_aНижний Новгород _d1886-1916 |
||
| 215 |
_a31 т. _d21-26 |
||
| 300 | _aМесто изд. отчетов за 1888/9-1889/90 гг.: Москва | ||
| 710 | 0 | 2 |
_aНижегородский дворянский институт _3RU\NLR\AUTH\8810017857 _9533565 |
| 801 | 0 |
_aRU _bNLR _gpsbo |
|
| 801 | 0 |
_aRU _bRuMoRGB _2psbo |
|
| 801 | 1 |
_aRU _bProSoft-M _2rusmarc |
|
| 852 |
_aNLR (1884-1915) _jШифры разные |
||
| 899 |
_aRuMoRGB (1884-1915*) _jU 102/80 |
||
| 899 |
_aRuMoRGB (1884-1915*) _jF 63/172 |
||
| 899 | _aБАН (1884-1915) | ||
| 899 | _aНБ СПбГУ (1893/1894) | ||
| 899 | _aГПИБ (1885-1916*) | ||
| 899 | _aНБ МГУ (1884-1915*) | ||
| 942 | _cBOOK | ||